00953nam a2200265Ia 4500003000400000005001700004008004100021020003000062040001700092082001500109100001900124245009300143250003300236260003600269300003400305500001900339505009000358650003400448700001900482700001800501856002300519942000900542952012100551999001500672IIN20250328123616.0250328s9999 xx ad 001 0 eng d cRs.3999.00a9789393553430 aIINbEnglish a611 bMOO1 aMoore, Keith L1 aMoore's Clinically Oriented AnatomycKeith L, Moore/ edited by S. Aruna and N. Isai Vani a2nd ed.bSouth Asian Edition bWolters KluweraNew Delhic2023 axxvi, 427 p. / V.1bcol. ill. aIncludes Index aVol. 1 Contains Three Section Section 1: Back Section 2: Upper Limb Section 3: Thorax1 aAnatomyvClinically Oriented 1 aAruna, S (ed.)1 aVani, N. Isai uwww.lwwindia.co.in cBOOK 00102ddc40708PURSaIINbIINcGENd2025-03-11g3999.00l0o611 MOOp1830r2025-03-28 12:36:46w2025-03-28yBOOK c1715d1715